| 000 | 00585nam a22001817a 4500 | ||
|---|---|---|---|
| 005 | 20150923123656.0 | ||
| 010 | _aENG-113728 | ||
| 020 |
_a9789383946129 _c500.00 |
||
| 035 | _aEN- 97260 | ||
| 037 | _bDBAD/PUB | ||
| 082 | _a370 | ||
| 245 |
_aNucleus education terminology : _cedited & compiled by Smita Rai _benhance your subjective word power / |
||
| 260 |
_aGreater Noida _bNucleus Books & Encyclopedia _c2015 |
||
| 270 |
_a2nd Floor, B-31, Pocket P3 _bGreater Noida _e201308 |
||
| 300 |
_a244p. _c22cm(pbk) |
||
| 700 | _aRai, Smita | ||
| 942 |
_2ddc _cEN _mNUC _h370 |
||
| 999 |
_c95329 _d95329 |
||